Quizzes
Events
Quiz Creation
Community
Videos
Private Events
Remove Ads
Sign In
Join for FREE
Feedback
Dark Mode
Quiz Categories
Sports
Geography
Music
Movies
Television
Just For Fun
Miscellaneous
History
Literature
Language
Science
Gaming
Entertainment
Religion
Holiday
For Kids
Quiz Lab
Recent
Popular Today
Quiz Kudos Today
Editor Picks
Curator Picks
Quizzes by...
Day
Popularity
Type
Ratings
Length
Year
Community
Subscriptions
Recent Discussions
Orange Saloon
Badges
Playlists
Quests
Create
Leaderboards
Showdown
Live 5
Trivia Bingo
Activity
Puzzle Library
Sporcle Events
Private Events
Virtual Trivia
Globe League
Become a Host
Pub Owners
SporcleCon
Opinionation
Our Games
Videos
Blog
Mobile Apps
Partnerships
Remove Ads and Go Orange
Feedback
Sports
Athletes
MLB
NBA
NHL
NFL
Soccer
Sports Teams
WWE
NCAA
Football
Premier League
Basketball
Baseball
Hockey
Golf
Tennis
Cricket
Rugby
Auto Racing
Olympics
World Cup
Sports
Athletes
MLB
NBA
NHL
NFL
Soccer
Sports Teams
WWE
NCAA
Football
Premier League
Basketball
Baseball
Hockey
Golf
Tennis
Cricket
Rugby
Auto Racing
Olympics
World Cup
Random Quiz
Search Sporcle
×
Quiz Lab
Quiz Lab
Sports
blue
Type in answers that appear in a list
Type in answers that appear in a list
Classic
Best Score? Go Orange.
Blue Parts of Sports Logos Stats
Can you name the sports logos from only their blue parts?
By
jonesjeffum
10m
16 Questions
168 Plays
168 Plays
168 Plays
Comments
Comments
Give Quiz Kudos
Give Quiz Kudos
-
- Ratings
hide this ad
More Info
Forced Order
Answers have to be entered in order
Answers have to be entered in order
Replay
Link that replays current quiz
Next Quiz
Link to next quiz in quiz playlist
You Got
0%
They Got
Avg Score
73%
Avg Friend Score
Upgrade to see
Score Distribution
Jump to the score distribution portion of the page
Score
0/16
Timer
10:00
0
Plays Today
#
Team
% Correct
3
St. Louis Rams
99.4%
4
Pittsburgh Steelers
94.6%
5
Houston Texans
94.6%
9
Carolina Panthers
92.9%
16
New England Patriots
92.9%
2
New York Yankees
91.1%
10
Philadelphia Phillies
90.5%
13
Miami Marlins
87.5%
#
Team
% Correct
14
Washington Wizards
86.9%
11
Dallas Mavericks
78.6%
15
Minnesota Timberwolves
72.6%
1
Chicago Blackhawks
70.2%
12
Winnipeg Jets
41.1%
8
Oklahoma City Thunder
36.9%
6
Chicago Cubs
35.7%
7
Orlando Magic
16.7%
Quiz Playlist
Details
Report
Send in Message
Add To Playlist
More Info:
Only teams from the NBA, NFL, MLB, and NHL
Classic:
Type in answers that appear in a list
Forced Order:
Answers have to be entered in order
Last Updated: Mar 15, 2018
Quiz Scoreboard
CHALLENGE
Sign Up to Join the Scoreboard
Show All
Scores
Hide
Comments
May contain spoilers
Recently Published
1-10 Letter E Words III
by El_Dandy
Language
2m
One Thing in Common: World Cities II
by knightlancer
Geography
7m
Popular People in 1961
by mucciniale
History
6m
More to Explore
Quiz From the Vault
Featured Blog Post
Where Did the Easter Bunny Come From?
hide this ad
You Might Also Like...
Tags
blue
team
Today's Top Quizzes in Sports
Browse Sports
hide this ad
Today's Top Quizzes in blue
Browse blue
Top Contributed Quizzes in Sports
1
2022 World Cup Stars
2
Les entraîneurs de l'OM et du PSG au 21e siècle
3
FIFA Club World Cup Champions
4
Criteria MLB: Left Handed Sluggers
5
Les meilleurs buteurs des matchs entre le PSG et l’OM
6
Name the Premier League winners with different clubs
7
Players with Multiple 50 Home Run Seasons
8
MLB Players with Two .350 Batting Average Seasons
9
La finale Lions - Afrique du Sud 2021
10
MLB Hall of Famer by Rings
Explore More
Trending Topics
Harry Potter
Marvel
Kpop
NBA
Disney
Crossword
Anime
NFL
Pokémon
Song
Puzzle
Country
The Office
WWE
Soccer
hide this ad
More By:
jonesjeffum
Quiz
Plays
Rating
Category
Featured
Created
NBA Players by Face
1,637,090
4.55
Sports
Feb 17, 2011
NBA Playoffs Statistical Leaders
405,204
4.54
Sports
Apr 16, 2010
City by Landmark Photo
375,287
4.08
Geography
May 5, 2010
Sports Logo Silhouettes
303,490
4.19
Sports
Jan 24, 2013
Sightseeing in North America
275,399
3.76
Geography
May 3, 2010
Go to Creator's Profile
Score Distribution
Quiz Creator Spotlight
jonesjeffum
Follow
Send a Message
Quizzes Created
-
Created Quiz Play Count
-
More By This Creator
Popular Quizzes Today
1
Find the US States - No Outlines Minefield
2
The Countries of the World
3
Popular People in 1961
4
Find the Countries of Europe - No Outlines Minefield
5
1-10 Letter E Words III
6
Find the US States
7
One Thing in Common: World Cities II
8
US States
More Sports Quizzes
Same Name Different Sport
Published
Trending Quizzes
1-10 Letter F Words
1-10 Letter G Words
Risky Map Clicking: Next State Alphabetically
1-10 Letter F Words II
Risky Map Clicking: States by Unique Starting Letters
Recently Updated
Leaping Animals
pecheneg
Reality TV Shows (A-Z)
bhenderson79
Rickey Henderson's Hall of Fame Teammates
pecheneg
Champions League XIs: Arsenal
pecheneg
Quick Pick: Celebrities in WWE's Hall of Fame
aduchscher
A-Z Keypad Blitz II
pecheneg
Multiple Oscar Actors
pecheneg
Mystery Phrase Blitz: Oscar 'Best Actors'
pecheneg
F. Scott Fitzgerald Novels
LTH
Pick 3 Villains
ddd62291
Trending Topics
Disney
Anime
Marvel
Harry Potter
Crossword
NBA
Kpop
Country
Pokémon
The Office
Puzzle
Soccer
WWE
NFL
Song
Your Account Isn't Verified!
In order to create a playlist on Sporcle, you need to verify the email address you used during registration. Go to your
Sporcle Settings
to finish the process.
Report this User
Report this user for behavior that violates our
Community Guidelines
.
Details:
Send Report
Go to the Sporcle.com Mobile Site →
Comments